000 01278nam a2200349 i 4500
001 193726
003 ES-MaACL
005 20240209063132.0
007 ta
008 240207s1911||||fr a freb 000 0 fre d
035 _a(OCoLC)23412276
035 _aocm23412276
035 _aBPC02320000801
035 _a021969701
040 _aABES
_bfre
_eAFNOR
_cES-MaACL
100 1 _aVigneron, Henri
_9114649
245 1 0 _aÉlectrochimie /
_cpar Henri Vigneron,....
264 1 _aParis :
_bLibrairie des Sciences et de l'Industrie :
_bL. Geisler, imprimeur-éditeur,
_c1911.
300 _a160 páginas ;
_bilustraciones, diagramas ;
_c26 cm.
336 _btxt
_2rdacontent
_atexto
337 _bn
_2rdamedia
_asin mediación
337 _bn
_2isbdmedia
_asin mediación
338 _bnga
_2RDAfrCarrier
_avolumen
490 1 _aEncyclopédie électrotechnique ;
_v44e Fascicule
650 4 _aElectroquímica
_2ram
_912168
830 _9235039
_aEncyclopédie électrotechnique
_v44
852 _aES-MaACL
_bR.M.8252
_9201260
_jD-8706
_cSVI
_fSello en tinta en portada: "Ateneo de Madrid. Biblioteca"
886 2 _2unimarc
_a181
_ai#
_bxxxe##
942 _n0
_cMONOGRAFIA
999 _c193726
_d193726